Statistics for sails, sailing and boat stuff

Click here to take the quiz!

General Stats

  • This quiz has been taken 422 times
  • The average score is 5 of 15

Answer Stats

HintAnswer% Correct
rope or line that controls sailssheet
86%
lever used to steertiller
79%
rope, wire or line used to hoist sailhalyard
69%
wires, ropes or metal rods that supports maststays
68%
pole or spar extending forward from prowbowsprit
36%
bottom rear corner of triangular sailclew
36%
scale that describes force of windbeaufort
35%
depth of hull below waterlinedraft
31%
sailors ropework toolmarlinspike
24%
twine binding on rope to prevent unravallingwhipping
19%
line used to raise boomtopping lift
17%
single masted boat with 2 or more headsailscutter
15%
cabin or quarters in bowfo'c'sle
6%
deck mounted bracket that takes foot of masttabernacle
2%
quickly reduce the efficency or area of sailscandalise
1%

Score Distribution

Percentile by Number Answered

Percent of People with Each Score

Your Score History

You have not taken this quiz